000 00991nam a2200301 a 4500
001 000116205
003 CHAP
005 20220329144605.0
008 191007s2014 mx |r| ||||||spa d
010 _a112666
011 _a113638
020 _a9786074511017
040 _cCHAP
082 0 4 _a378.12
_bL11
245 0 0 _aLaberintos y enjuegos :
_b(re) encuentros con Eduardo Ibarra Colado /
_ccoordinado por Angélica Buendía Espinosa ...[et al.].
260 _aMéxico, D.F. :
_bANUIES.,
_c2014.
300 _a266 P.
490 _aBiblioteca de la educación superior
_pInvestigaciones
590 _aE5765TAJ
_b05
_c20191007
_lUCH01
_h1006
600 1 7 _aIbarra Colado, Eduardo
_957161
650 1 4 _aEducación superior
_xAdministración.
_935601
650 1 4 _aMaestros universitarios.
_969763
700 1 _aBuendia Espinosa, Angélica
_ecoord.
_9131143
830 0 _aBiblioteca de la educación superior
_pInvestigaciones
_9131153
901 _aBK
942 _cLIBRO
942 _n0
999 _c112666
_d112666